| 000 | 00357nam a22001577a 4500 | ||
|---|---|---|---|
| 082 |
_aH1 _bHAR/P |
||
| 100 | _aHarpal Singh | ||
| 245 |
_aPrashnon ke kankal/ _cby Harpal Singh |
||
| 260 |
_aMadhura: _bJawahar, _c2005. |
||
| 300 | _a92p. | ||
| 650 | _aPoetry Hindi | ||
| 650 | _aLiterature Hindi | ||
| 650 | _aLiterature | ||
| 700 | _aArush | ||
| 942 | _cBK | ||
| 999 |
_c72034 _d72034 |
||